ბათუმის შოთა რუსთაველის სახელმწიფო უნივერსიტეტის ბიბლიოთეკა

კოლმეურნეობებსა და საბჭოთა მეურნეობებში წარმოების ორგანიზაციისა და დაგეგმვის პრაქტიკუმი : (ბიბ.ჩანაწერი № 63932)

000 -ლიდერი
ფიქსირებული სიგრძის საკონტროლო ველი 01069nam a22001817a 4500
003 - საკონტროლო ნომრის იდენტიფიკატორი
საკონტროლო ველი Ge_BSU
005 - ბოლო ოპერაციის თარიღი და დრო
საკონტროლო ველი 20260224172802.0
008 - ფიქსირებული სიგრძის მონაცემთა ელემენტები - ზოგადი ინფორმაცია
ფიქსირებული სიგრძის საკონტროლო ველი 260224s1970 ge ||||| |||| 00| 0 geo d
041 ## - ენის კოდი
Language code of text/sound track or separate title geo
080 ## - უნივერსალური ათობითი კლასიფიკაციის ინდექსი
Universal Decimal Classification number 631.15(075.8) კ-68
245 ## - ცნობა სათაურის შესახებ
Title კოლმეურნეობებსა და საბჭოთა მეურნეობებში წარმოების ორგანიზაციისა და დაგეგმვის პრაქტიკუმი :
Remainder of title [დამხმ. სახელმძღვ. უმაღლ. სას.-სამ. სასწავლებლების სტუდენტებისათვის] /
Statement of responsibility, etc გ.მ. ლოზას რედაქციით.
264 ## - წარმოების, გამოცემის, დისტრიბუციის და სხვა ცნობები
გამოცემის, წარმოების, დისტრიბუციის... ადგილი თბ. :
გამოცემის, წარმოების, დისტრიბუციის... სახელწოდება განათლება,
გამოცემის, წარმოების, დისტრიბუციის... თარიღი 1970.
300 ## - ფიზიკური აღწერა
Extent 503 გვ. ;
Other physical details 22 სმ.
653 ## - INDEX TERM--UNCONTROLLED
Uncontrolled term კოლმეურნეობები
653 ## - INDEX TERM--UNCONTROLLED
Uncontrolled term წარმოების ორგანიზაცია.
653 ## - INDEX TERM--UNCONTROLLED
Uncontrolled term საბჭოთა მეურნეობები
942 ## - ADDED ENTRY ELEMENTS (KOHA)
Source of classification or shelving scheme
Koha item type წიგნი
ეგზემპლარები
ჩამოწერის სტატუსი დაკარგული ეგზემპლარის სტატუსი კლასიფიკაციის წყარო ან თაროზე გაწყობის სქემა დაზიანების სტატუსი არ გაიცემა მუდმივი მდებარეობა (დაცვის ადგილი) ამჟამინდელი ადგილსამყოფელი თაროზე განთავსების ადგილი შეძენის თარიღი ღირებულება, შესყიდვის ნორმალური ფასი სრული შენახვის შიფრი შტრიხკოდი ბოლო ოპერაციის თარიღი ეგზემპლარის მიმდევრობითი ნომერი (კეტერი?) ფასის ძალაში შესვლის თარიღი ეგზემპლარის სახეობა საჯარო შენიშვნა
          ბათუმის შოთა რუსთაველის სახელმწიფო უნივერსიტეტის მთავარი ბიბლიოთეკა ბათუმის შოთა რუსთაველის სახელმწიფო უნივერსიტეტის მთავარი ბიბლიოთეკა წიგნსაცავი 2026-02-24 2.50 631.15(075.8) კ-68 73809 2026-02-24 73809 2026-02-24 წიგნი 2 ლ. 50 თ.